000
00318nam a2200121Ia 4500
003
GCL
008
140319s9999 xx 000 0 ara d
040
_a
GCL /
_c
GCL
082
0
4
_a
م
_b
413.1
_b
ت ك
245
1
0
_a
كتاب كشاف اصطلاحات الفنون
260
_a
[S.N] :
_b
دار حادر
300
_a
متعدد
999
_c
59582
_d
59582